Album - THINK LATER by Tate McRae - Statistics

General Stats
  • This quiz has been taken 16 times
  • The average score is 11 of 14
Answer Stats
Songs % Correct
1 cut my hair
93%
11 think later
93%
2 greedy
86%
14 plastic palm trees
86%
7 exes
79%
5 grave
79%
8 we're not alike
79%
9 calgary
71%
12 guilty conscience
71%
3 run for the hills
71%
4 hurt my feelings
64%
10 messier
64%
6 stay done
64%
13 want that too
57%
No matching quizzes found
Score Distribution
Percent of People with Each Score
Percentile by Number Answered
Your Score History
You have not taken this quiz